000 00711nam a2200241 a 4500
005 20210219153053.0
008 991125n 000 0 u
035 _aUPN01000075767
100 0 _aSpyrakis, Jan H.
100 1 _aWenger, Michael J.
222 0 _aBRITISH EDUCATIONAL RESEARCH JOURNAL
245 0 0 _aA empirical method of assessing topic familiarity in reading comprehension research
260 _aInglaterra
300 _a353-361
362 0 _a1991 Vol. 17, No. 4
653 0 _aAPRENDIZAJE PREVIO
653 0 _aCOMPRENSION LECTORA
653 0 _aFAMILIARIDAD
653 0 _aINVESTIGACION EDUCATIVA
653 0 _aPROBLEMAS DE INVESTIGACION
904 _aAC
_b013578
905 _aArticulo
999 _c67662
_d67662